| 000 | 004290000a22001570004500 | ||
|---|---|---|---|
| 041 | 0 | _aENG | |
| 082 | 0 | 4 | _aG 268.432 C6921r |
| 100 | 1 | _aColeman, Frank G. (Guy) (1906-) | |
| 245 | 1 | 0 | _aThe romance of winning children / Frank G. Coleman |
| 260 | _aCleveland, Ohio : Union Gospel | ||
| 001 | 7920 | ||
| 942 | _cBK | ||
| 999 |
_c38120 _d38120 |
||
| 336 |
_atexto _btxt _2rdacontent |
||
| 337 |
_2rdamedia _asin mediación _bn |
||
| 338 |
_2rdacarrier _avolumen _bnc |
||